Представление документа в формате MARC21

Поле Инд. ПП Название Значение
Тип записи a
Библиографический уровень m
001 _ Контрольный номер RU\infra-m\znanium\bibl\1869476
005 _ Дата корректировки 20250915104106.3
008 Кодируемые данные 220311s2022 RU g rus u
020 a ISBN 978-5-7782-4345-3
040 a Служба первич. каталог. Общество с ограниченной ответственностью «ЗНАНИУМ»
041 a Код языка текста rus
044 a Код страны публикации RU
080 a Индекс УДК 30
084 2 Источник индекса rubbk
a Индекс другой классификации/Индекс ББК 221
084 2 Источник индекса rubbk
a Индекс другой классификации/Индекс ББК 60
084 2 Источник индекса okso
a Индекс другой классификации/Индекс ББК 09.04.04
100 1_ a Автор Рабинович Евгений Владимирович
q Полное имя Евгений Владимирович
245 a Заглавие Методология научных исследований
b Продолж. заглавия Учебное пособие
c Ответственность Новосибирский государственный технический университет
260 a Место издания Новосибирск
b Издательство Новосибирский государственный технический университет (НГТУ)
c Дата издания 2021
300 a Объем 100 с.
520 a Аннотация Учебное пособие преследует цель кратко изложить суть ряда математических методов обработки экспериментальной информации используемых в научных исследованиях. Кратко знакомит с современными методами нелинейной динамики. Материал пособия будет полезен при подготовке магистерской диссертации.
521 a Примеч. о целев. назн. ВО - Магистратура
650 a Основная рубрика Физико-математические науки
x Основная подрубрика Математика
852 x Примечание, не предназначенное для пользователя znanium2023
856 4_ a Имя сервера/домена znanium.com
m Помощь ebs_support@infra-m.ru
n Местонахождение сервера НИЦ ИНФРА-М
u URL https://znanium.com/catalog/document?id=397743
z Примечание для пользователя Участвует в КО
856 41 a Имя сервера/домена znanium.com
d Путь /cover/1869
f Электронное имя 1869476.jpg
q Тип электронного формата image/jpeg
u URL https://znanium.com/cover/1869/1869476.jpg